000
00284nam a2200121Ia 4500
005
20251222141920.0
008
251222s9999||||xx |||||||||||||| ||spa||
082
_a
657.42/A42
100
_a
Aliaga Valdez, Carlos
245
0
_a
Costos para la Gestión:
264
_b
CITEC
942
_c
LIB
999
_c
8697
_d
8697